| 000 | 00980nam a2200325 a 4500 | ||
|---|---|---|---|
| 001 | vtls000810200 | ||
| 003 | NLI | ||
| 005 | 20210627054145.0 | ||
| 008 | 110331s1964 ii 001 0 eng | ||
| 020 | _cRs. 45.00 | ||
| 039 | 9 |
_y201103311645 _zVargis_01 |
|
| 040 |
_aNLI _beng _cVergis_S _eAACR2 |
||
| 041 | 0 | _aeng | |
| 044 | _aii | ||
| 082 | 0 | 4 | _a625.7 |
| 100 | 1 |
_aSharma, R. C. _qRamesh Chandra _d1936- _9780467 |
|
| 245 | 1 | 0 |
_aPrinciples and practice of highway engineering / _cR. C. Sharma [and] S. K. Sharma |
| 260 |
_aCalcutta : _bAsia Pub., _cc1964 |
||
| 300 |
_axii, 664 p. ; _c24 cm. |
||
| 500 | _aIncludes index | ||
| 650 | 0 |
_aRoads _9726799 |
|
| 650 | 0 |
_aTechnology _9696264 |
|
| 650 | 0 |
_aCivil _xHighway and traffic _9781966 |
|
| 700 | 1 |
_aSharma, S. K., _4jt. aut _9781967 |
|
| 887 | _a | ||
| 901 |
_aDB5936 ; _b31.10.1964 |
||
| 902 | _aE/O 625.7 Sh 23 | ||
| 949 |
_AVIRTUAITEM _D10000 _X100 _6DBA000005936ENG |
||
| 942 |
_2ddc _cBKS |
||
| 999 |
_aVIRTUA _c658917 _d658917 |
||